Systems management : (Record no. 4455)

MARC details
000 -LEADER
fixed length control field 00711nac a22001931u 4500
020 ## - INTERNATIONAL STANDARD BOOK NUMBER
International Standard Book Number 1859121179 (pbk.)
082 ## - DEWEY DECIMAL CLASSIFICATION NUMBER
Classification number 005.436
090 ## - LOCALLY ASSIGNED LC-TYPE CALL NUMBER (OCLC); LOCAL CALL NUMBER (OCLC)
-- 4455
-- 4455
100 ## - MAIN ENTRY--PERSONAL NAME
Personal name 20080729
245 ## - TITLE STATEMENT
Title Systems management :
Statement of responsibility, etc The Open Group.
Remainder of title universal measurement architecture (UMA) /
260 ## - PUBLICATION, DISTRIBUTION, ETC. (IMPRINT)
Place of publication, distribution, etc Reading :
Name of publisher, distributor, etc The Open Group, 1997.
Date of publication, distribution, etc 1997
300 ## - PHYSICAL DESCRIPTION
Extent 1 v. (various pagings) :
Other physical details ill. ;
Dimensions 28 cm.
440 ## -
-- CAE specification
504 ## - BIBLIOGRAPHY, ETC. NOTE
Bibliography, etc Includes index.
650 ## - SUBJECT ADDED ENTRY--TOPICAL TERM
Topical term or geographic name as entry element Database management.
710 ## - ADDED ENTRY--CORPORATE NAME
Corporate name or jurisdiction name as entry element X/Open Company.
942 ## - ADDED ENTRY ELEMENTS (KOHA)
Item type Book - Borrowing
Call number prefix 005.436
Holdings
Withdrawn status Item status Damaged status Not for loan Home library Current library Shelving location Date acquired Source of acquisition Total Checkouts Full call number Barcode Date last seen Koha item type
        Central Library Central Library Lower Floor 06/09/2007 Purchase   005.436 SYS 000000220 15/07/2025 Book - Borrowing